[Event "SVK-chT3A2 1718"]
[Site "Slovakia"]
[Date "2017.11.19"]
[Round "4.3"]
[White "Hornak, Pavol"]
[Black "Ulehla, Jakub"]
[Result "0-1"]
[WhiteElo "1781"]
[BlackElo "1653"]
[PlyCount "68"]
[EventDate "2017.10.08"]
[EventType "team-tourn"]
[EventRounds "11"]
[EventCountry "SVK"]
[SourceTitle "EXT 2020"]
[Source "ChessBase"]
[SourceDate "2019.10.17"]
[SourceVersion "1"]
[SourceVersionDate "2019.10.17"]
[SourceQuality "1"]
[WhiteTeam "Cifer"]
[BlackTeam "Senica CVC"]
[WhiteTeamCountry "SVK"]
[BlackTeamCountry "SVK"]

1. d4 Nf6 2. c4 g6 3. Nc3 Bg7 4. e4 d6 5. h3 Nc6 6. Bg5 0-0 7. Nf3 h6 8. Be3 e5 9. d5 Ne7 10. Bd3 Nd7 11. 0-0 f5 12. Qc2 f4 13. Bd2 g5 14. Nh2 Nf6 15. Be2 Ng6 16. b4 h5 17. f3 Bd7 18. c5 Qc8 19. c6 bxc6 20. dxc6 Be6 21. b5 g4 22. fxg4 hxg4 23. hxg4 Nxg4 24. Nf3 Qd8 25. Nd1 Nh4 26. Nxh4 Qxh4 27. Bxg4 Bxg4 28. Qb3+ Kh8 29. Nf2 Be2 30. Rfe1 f3 31. Qe6 fxg2 32. Rxe2 Rxf2 33. Re3 Rf1+ 34. Kxg2 Rf2+ 0-1

[Event "SVK-chT4 A21 1718"]
[Site "Slovakia"]
[Date "2017.10.01"]
[Round "1.4"]
[White "Slezak, Rudolf"]
[Black "Ulehla, Jakub"]
[Result "0-1"]
[WhiteElo "1662"]
[BlackElo "1730"]
[PlyCount "138"]
[EventDate "2017.10.01"]
[EventType "team-tourn"]
[EventRounds "11"]
[EventCountry "SVK"]
[SourceTitle "EXT 2019"]
[Source "ChessBase"]
[SourceDate "2018.10.10"]
[SourceVersion "1"]
[SourceVersionDate "2018.10.10"]
[SourceQuality "1"]
[WhiteTeam "Spacince"]
[BlackTeam "Senica CVC II"]
[WhiteTeamCountry "SVK"]
[BlackTeamCountry "SVK"]

1. c4 e5 2. Nc3 g6 3. g3 Bg7 4. Bg2 Nc6 5. Nf3 f5 6. d3 Nf6 7. e4 d6 8. 0-0 0-0 9. Qe1 Nb4 10. Qd2 Nc6 11. a3 fxe4 12. dxe4 Bg4 13. h3 Bxf3 14. Bxf3 Nd4 15. Bg2 Nb3 16. Qd1 Nxa1 17. Bg5 c6 18. Qxa1 Qb6 19. Qa2 Kh8 20. Be3 Qc7 21. b4 Rfd8 22. Qe2 Rac8 23. a4 a5 24. Qb2 axb4 25. Qxb4 c5 26. Qb5 Ra8 27. Rb1 Rdb8 28. Bg5 Qa5 29. Qxa5 Rxa5 30. h4 h6 31. Bxf6 Bxf6 32. Bh3 Kg7 33. Be6 Kf8 34. Bd5 b6 35. Bc6 Bd8 36. Bb5 Rba8 37. Rd1 Ke7 38. Rd3 Ke6 39. Rf3 Rxb5 40. cxb5 Be7 41. Rd3 g5 42. hxg5 Bxg5 43. Rd1 Ra7 44. Kf1 Ra8 45. Ke2 Ra7 46. Ra1 Bd8 47. f4 exf4 48. gxf4 Rg7 49. Rh1 Rh7 50. Rh5 Bf6 51. Nd5 Bd8 52. Ne3 Bf6 53. Nf5 d5 54. e5 Be7 55. Ne3 Bd8 56. Rh2 h5 57. Rg2 h4 58. Rg6+ Kf7 59. Rg2 Ke6 60. Rh2 h3 61. Kf3 d4 62. Ng4 Kf5 63. Nf2 Rh4 64. Nxh3 c4 65. Kg3 Rg4+ 66. Kf3 Bh4 67. Rg2 Rxg2 68. Kxg2 c3 69. Ng1 c2 0-1

[Event "SVK-ch U14"]
[Site "Liptovsky Mikulas"]
[Date "2017.04.27"]
[Round "8"]
[White "Ulehla, Jakub"]
[Black "Viczencz, Peter"]
[Result "1/2-1/2"]
[WhiteElo "1665"]
[BlackElo "1764"]
[PlyCount "33"]
[EventDate "2017.04.22"]
[EventType "swiss"]
[EventRounds "9"]
[EventCountry "SVK"]
[SourceTitle "CBM 178 Extra"]
[Source "ChessBase"]
[SourceDate "2017.06.22"]
[SourceVersion "1"]
[SourceVersionDate "2017.06.22"]
[SourceQuality "1"]

1. e4 c5 2. Nf3 e6 3. d4 cxd4 4. Nxd4 Nf6 5. Nc3 Bb4 6. Bd3 Nc6 7. Be3 d5 8. exd5 Nxd5 9. Nxc6 bxc6 10. Bd2 Qf6 11. Nxd5 Bxd2+ 12. Qxd2 cxd5 13. c3 0-0 14. 0-0 Bb7 15. Rfe1 Rfd8 16. Qc2 h6 17. Qe2 1/2-1/2

[Event "SVK-ch U14"]
[Site "Liptovsky Mikulas"]
[Date "2017.04.22"]
[Round "1"]
[White "Zumrik, Marek"]
[Black "Ulehla, Jakub"]
[Result "1/2-1/2"]
[WhiteElo "1233"]
[BlackElo "1665"]
[PlyCount "120"]
[EventDate "2017.04.22"]
[EventType "swiss"]
[EventRounds "9"]
[EventCountry "SVK"]
[SourceTitle "CBM 178 Extra"]
[Source "ChessBase"]
[SourceDate "2017.06.22"]
[SourceVersion "1"]
[SourceVersionDate "2017.06.22"]
[SourceQuality "1"]

1. e4 c5 2. Nf3 Nc6 3. d4 cxd4 4. Nxd4 g6 5. Nc3 Bg7 6. Be3 Nf6 7. Be2 0-0 8. 0-0 d5 9. exd5 Nxd5 10. Nxd5 Qxd5 11. Nxc6 Qxc6 12. c3 Bf5 13. Qb3 Be6 14. Qb5 Qxb5 15. Bxb5 a6 16. Ba4 Rfd8 17. a3 b5 18. Bc2 Rd7 19. Rfd1 Rad8 20. Bb6 Rb8 21. Rxd7 Bxd7 22. Rd1 Rxb6 23. Rxd7 Re6 24. Kf1 Bh6 25. Bb3 Re5 26. Ra7 Bd2 27. g3 Re1+ 28. Kg2 Bc1 29. Rxa6 Bxb2 30. Ra5 Bxc3 31. Rxb5 Bd4 32. Bc4 Ra1 33. Ra5 Rc1 34. Bb3 Kg7 35. Ra4 Bc5 36. Rc4 Bxa3 37. Rxc1 Bxc1 38. Kf3 Kf6 39. h4 e6 40. g4 Bb2 41. Bc2 Kg7 42. Kg3 Bf6 43. f4 Bc3 44. f5 Be1+ 45. Kh3 gxf5 46. gxf5 e5 47. Kg4 f6 48. Be4 Kf7 49. Kh5 Ke7 50. Kh6 Bxh4 51. Kxh7 Kd6 52. Kg6 Kc5 53. Kh5 Kd4 54. Bb7 Bg5 55. Kg4 e4 56. Ba6 Ke3 57. Kg3 Kd2 58. Bb5 Ke1 59. Bc4 e3 60. Kf3 Kd2 1/2-1/2

[Event "SVK-chT4 A21 1617"]
[Site "Slovakia"]
[Date "2017.01.15"]
[Round "7.5"]
[White "Ulehla, Jakub"]
[Black "Stehlik, Jan"]
[Result "1-0"]
[WhiteElo "1635"]
[BlackElo "1586"]
[PlyCount "45"]
[EventDate "2016.10.09"]
[EventType "team-tourn"]
[EventRounds "11"]
[EventCountry "SVK"]
[SourceTitle "EXT 2018"]
[Source "ChessBase"]
[SourceDate "2017.10.13"]
[SourceVersion "1"]
[SourceVersionDate "2017.10.13"]
[SourceQuality "1"]
[WhiteTeam "Senica CVC II"]
[BlackTeam "Holic II"]
[WhiteTeamCountry "SVK"]
[BlackTeamCountry "SVK"]

1. e4 e5 2. Nf3 Nc6 3. Bb5 a6 4. Ba4 Nf6 5. 0-0 d6 6. Re1 b5 7. Bb3 Na5 8. d4 Nxb3 9. axb3 exd4 10. e5 dxe5 11. Nxe5 Be7 12. Nc6 Qd6 13. Nxe7 Kf8 14. Nxc8 Rxc8 15. Bg5 c5 16. Bxf6 Qxf6 17. Qg4 Rc7 18. Qe4 Qd8 19. Rxa6 Rc8 20. Ra7 g6 21. Qf4 Qd5 22. Re5 Re8 23. Qh6+ 1-0